000 02583cam a2200493 i 4500
001 data
005 20260322212118.0
008 data
035 _a23482900
906 _a7
_bcbc
_ccopycat
_d2
_encip
_f20
_gy-gencatlg
925 0 _aacquire
_b1 shelf copy
_xpolicy default
010 _a 2023281161
016 7 _a021237079
_2Uk
020 _a9781666769685
_q(paperback)
020 _a1666769681
_q(paperback)
020 _a166676969X
_q(paperback)
020 _a9781666769692
_q(hardcover)
020 _z9781666769708
_q(ebook)
035 _a(OCoLC)1389879211
040 _aYDX
_beng
_erda
_cYDX
_dDLC
_dUKMGB
_dOCLCF
_dOCLCO
_dOCLCQ
_dOCLCL
_dDLC
042 _alccopycat
050 0 0 _aB105.C74
_bM44 2023
082 0 4 _a700.1
_223/eng/20230717
_qOCoLC
100 1 _aMeek, Esther Lightcap,
_d1953-
_eauthor.
245 1 0 _aDoorway to Artistry :
_battuning your philosophy to enhance your creativity /
_cEsther Lightcap Meek ; foreword by Makoto Fujimura ; illustrations by Martyn Smith.
264 1 _aEugene, Oregon :
_bCascade Bokks, an imprint of Wipf and Stock Publishers,
_c[2023]
264 4 _c©2023
300 _axi, 234 pages :
_billustrations ;
_c24 cm
336 _atext
_btxt
_2rdacontent
337 _aunmediated
_bn
_2rdamedia
338 _avolume
_bnc
_2rdacarrier
504 _aIncludes bibliographical references (pages 229-234).
520 _a"Your artistry involves you intimately with the world around and beyond you. So your artistry involves profound but simple philosophical matters. As a human person, you are artful and philosophical, at the core of your being. Doorway to Artistry offers a playful, everyday philosophical approach necessary for life, integration, healing, and thriving in artistry. It reflects on the real and how we are involved with it, especially in our creative effort. In short, the real hospitably welcomes us, and in our artistry we reciprocate in noble courtesy. Human persons were made for this communion with the real. Find in this book a hospitable welcome to belong at home beyond where you are"--
_cProvided by publisher.
650 0 _aCreative ability
_xPhilosophy.
650 0 _aPhilosophy.
650 6 _aCréativité
_xPhilosophie.
650 6 _aPhilosophie.
650 7 _aphilosophy.
_2aat
650 7 _aCreative ability
_xPhilosophy
_2fast
650 7 _aPhilosophy
_2fast
700 1 _aFujimura, Makoto,
_d1960-
_ewriter of foreword.
_1https://id.oclc.org/worldcat/entity/E39PBJcBTYrxdm8Yh3gFrDq4v3
700 1 _aSmith, Martyn,
_eillustrator.
999 _c1799
_d1799